000 004570000a22001570004500
020 _a0876925093
060 _a100
082 _a338.1 SAN
100 _aSankhayan, P.L.
245 _aIntroduction to the economics of agricultural production
260 _aNew Delhi, Prentice- Hall of India
260 _c1988
300 _a135
650 _aEconomics - agricultural production/ production function - agriculture/ production methodology
942 _cBK
999 _c351623
_d351623